000 00864cam a2200265 a 4500
001 000009367
005 20200929161553.0
008 880311s1987 sp ac 000 f spa
020 _a8408002279
035 _a(DLC) 88119715
040 _aDO-SdBNP
_bspa
_cDLC
_dBNPHU
082 _a863.64
_bV182y
100 1 _aVallejo-Nágera, Juan Antonio,
_d1926-1990.
_924143
245 1 0 _aYo, el intruso /
_cJuan Antonio Vallejo-Nágera.
260 _aBarcelona, (España) :
_bPlaneta,
_c1987.
300 _a223 p. :
_bil., retrs. ;
_c21 cm.
490 1 _aHistoria de la historia
_v74
500 _aSequel to: Yo, el Rey.
600 1 0 _aBONAPARTE, JOSEPH,
_d1768-1844
_924144
650 4 _aNovela española
_91123
650 4 _aLitaratura española
_ySIGLO XX
_919430
830 0 _aHistoria de la historia ;
_v74.
_924145
910 _aCatalogación derivada
049 _aBNGR
999 _c9127
_d9127